La ceniza fué árbol / (Record no. 20422)

MARC details
000 -LEADER
campo de control de longitud fija 00776nam a2200241 i 4500
001 - NÚMERO DE CONTROL
campo de control 20422
003 - IDENTIFICADOR DE NÚMERO DE CONTROL
campo de control ES-MaACL
005 - FECHA Y HORA DE LA ÚLTIMA TRANSACCIÓN
campo de control 20260203063027.0
007 - CAMPO FIJO DE DESCRIPCIÓN FÍSICA--INFORMACIÓN GENERAL
campo de control de longitud fija t|
008 - DATOS DE LONGITUD FIJA--INFORMACIÓN GENERAL
campo de control de longitud fija 021112s1944 sp ||||1| spa d
100 1# - ENTRADA PRINCIPAL--NOMBRE DE PERSONA
Nombre de persona Agustí, Ignacio,
Fechas asociadas al nombre 1913-1974
9 (RLIN) 18909
245 13 - MENCIÓN DEL TÍTULO
Título La ceniza fué árbol /
Mención de responsabilidad, etc. Ignacio Agustí.
250 ## - MENCION DE EDICION
Mención de edición 2ª ed.
260 ## - PUBLICACIÓN, DISTRIBUCIÓN, ETC.
Lugar de publicación, distribución, etc. Barcelona :
Nombre del editor, distribuidor, etc. Destino,
Fecha de publicación, distribución, etc. [1944] (
Fabricante Talls. Gráficos Agustín Núñez)
300 ## - DESCRIPCIÓN FÍSICA
Extensión 4 v. ;
Dimensiones 20 cm.
505 8# - NOTA DE CONTENIDO CON FORMATO
Nota de contenido con formato Contiene: I. Mariana Rebull -- II. El viudo Rius -- III. Desiderio -- IV. Joaquín Rius y su nieto
740 0# - ENTRADA AGREGADA--TÍTULO RELACIONADO/ANALÍTICO NO CONTROLADO
Título relacionado o analítico no controlado Mariona Rebull.
740 3# - ENTRADA AGREGADA--TÍTULO RELACIONADO/ANALÍTICO NO CONTROLADO
Título relacionado o analítico no controlado El Viudo Rius.
740 0# - ENTRADA AGREGADA--TÍTULO RELACIONADO/ANALÍTICO NO CONTROLADO
Título relacionado o analítico no controlado Desiderio.
740 0# - ENTRADA AGREGADA--TÍTULO RELACIONADO/ANALÍTICO NO CONTROLADO
Título relacionado o analítico no controlado Joaquín Rius y su nieto.
852 ## - LOCALIZACIÓN
Ubicación ES-MaACL
Número de control de estantería E-3928-9
Sublocalización o colección R.20956
Holdings
Estatus retirado Estado de pérdida Estado de daño No para préstamo Biblioteca de origen Biblioteca actual Ubicación en estantería Fecha de adquisición Fuente de adquisición Total de préstamos Signatura topográfica completa Código de barras Visto por última vez Precio de reemplazo Tipo de ítem Koha
        Biblioteca del Ateneo de Madrid Biblioteca del Ateneo de Madrid Depósito 2 17/01/2008     E-3928-9 1020951 23/02/2023 23/02/2023 Libro impreso